Detalles MARC
| 000 -CABECERA |
| campo de control de longitud fija |
02429nam a2200289 a 4500 |
| 001 - NÚMERO DE CONTROL |
| campo de control |
000048683 |
| 003 - IDENTIFICADOR DEL NÚMERO DE CONTROL |
| campo de control |
DO-SdBNP |
| 005 - FECHA Y HORA DE LA ÚLTIMA TRANSACCIÓN |
| campo de control |
20240927073749.0 |
| 008 - DATOS DE LONGITUD FIJA--INFORMACIÓN GENERAL |
| campo de control de longitud fija |
091001s2016 dr ac r 001 p spa d |
| 020 ## - NÚMERO INTERNACIONAL ESTÁNDAR DEL LIBRO |
| Número Internacional Estándar del Libro |
9789945435245 |
| 040 ## - FUENTE DE LA CATALOGACIÓN |
| Centro catalogador/agencia de origen |
DO-SdBNP |
| Lengua de catalogación |
spa |
| Centro/agencia transcriptor |
BNPHU |
| 082 ## - NÚMERO DE LA CLASIFICACIÓN DECIMAL DEWEY |
| Número de clasificación |
946 |
| Número de documento/Ítem |
B171e, 2016 |
| 100 1# - ENTRADA PRINCIPAL--NOMBRE DE PERSONA |
| Nombre de persona |
Balaguer, Joaquín, |
| Fechas asociadas al nombre |
1906-2002 |
| 9 (RLIN) |
76556 |
| 245 10 - MENCIÓN DE TÍTULO |
| Título |
España infinita / |
| Mención de responsabilidad, etc. |
Joaquín Balaguer. |
| 250 ## - MENCIÓN DE EDICIÓN |
| Mención de edición |
3a. ed. |
| 260 ## - PUBLICACIÓN, DISTRIBUCIÓN, ETC. |
| Lugar de publicación, distribución, etc. |
Santo Domingo : |
| Nombre del editor, distribuidor, etc. |
Fundación Joaquín Balaguer, |
| Fecha de publicación, distribución, etc. |
2016. |
| 300 ## - DESCRIPCIÓN FÍSICA |
| Extensión |
245 p. : |
| Otras características físicas |
il. ; |
| Dimensiones |
24 cm. |
| 500 ## - NOTA GENERAL |
| Nota general |
Incluye referencias bibliográficas y notas al pie de las páginas |
| 500 ## - NOTA GENERAL |
| Nota general |
Incluye índice onomástico |
| 505 0# - NOTA DE CONTENIDO CON FORMATO |
| Nota de contenido con formato |
Orígenes -- El clima -- La tierra -- Las distintas España -- -- Qué es una Nación? -- La última de las España -- La concepción de Bolívar -- Las relaciones de España con sus antiguas colonias -- Repercusión en Europa -- La antiespaña -- La nueva era -- Europa y el libre examen -- El padre Mariana, precursor de la revolución francesa -- la Inquisición y los intelectuales españoles -- La ciencia y los españoles -- La intolerancia -- España y la conquista de América -- La barbarie en las diferentes razas humanas -- España y la Edad Media -- Primacía de España en la edad media -- Los siglos XIV y XV --Los humanistas -- Alfonso V de Aragón -- Elio Antonio de Nebrija -- Rasgos típicos del caracter español- - Clericales y anticlericales -- La práctica religiosa en América y en España -- La historia y sus protagonistas -- Las órdenes -- Pascal y los jesuitas -- Disidencia de los jesuitas -- La orden de los dominicos -- El Cid -- Argumento del dracma -- Viriato -- España en las artes y las letras -- La herencia griega -- El teatro español -- Tirso de Molina -- Los sainetes -- La zarzuela -- La narrativa -- Alarcón -- Pereda -- El señor Bembibre -- Pérez Galdós -- El renacimiento español del siglo XVI -- Lulio -- Suárez -- Vives -- Fox Morcillo -- Síntesis -- La filosofía española contemporánea -- La poesía española -- El gongorismo -- Culteranismo y conceptismo -- Los grandes escritores -- Quevedo -- Baltasar Gracián -- Garcilaso -- José Zorrilla -- La poesía en |
| 590 ## - NOTA LOCAL (RLIN) |
| Nota local |
Inventariado, 2019/VM |
| 650 14 - PUNTO DE ACCESO ADICIONAL DE MATERIA--TÉRMINO DE MATERIA |
| Término de materia o nombre geográfico como elemento de entrada |
Literatura y arte |
| 9 (RLIN) |
24598 |
| 651 14 - PUNTO DE ACCESO ADICIONAL DE MATERIA--NOMBRE GEOGRÁFICO |
| Nombre geográfico |
España |
| Subdivisión general |
Historia |
| 9 (RLIN) |
8844 |
| 651 14 - PUNTO DE ACCESO ADICIONAL DE MATERIA--NOMBRE GEOGRÁFICO |
| Nombre geográfico |
España |
| Subdivisión general |
Civilización |
| 9 (RLIN) |
14116 |
| 910 ## - DATOS DE OPCIÓN DEL USUARIO (OCLC) |
| Datos de opción del usuario |
Validado. Control de calidad MFF |
| 942 ## - ELEMENTOS DE PUNTO DE ACCESO ADICIONAL (KOHA) |
| Fuente del sistema de clasificación o colocación |
Dewey Decimal Classification |
| Tipo de ítem Koha |
Libro |